000 00599nam a22001697a 4500
020 _qHard Cover.
082 _a629.892
100 _aYaseen, Shahwar
245 _aImplementation Of Reciprocal Velocity Obstacle On Mobile Robots' Swarm With Bio Inspired Biasing /
_cShahwar Yaseen.
260 _aIslamabad:
_bSMME - NUST,
_c2015.
300 _a47 p.: ill.;
_c30cm.
650 _aRIM Engineering MS-Thesis.
_921165
700 _aDr. Yasir Ayaz
_921542
856 _u http://10.250.8.41:8080/xmlui/handle/123456789/9162
942 _2ddc
_cTHE
999 _c529450
_d529450